Central Library OPAC University of Rajshahi

Electrical engineering: (Record no. 13078)

MARC details
000 -LEADER
fixed length control field 00710nam a2200241 a 4500
001 - CONTROL NUMBER
control field 13078
003 - CONTROL NUMBER IDENTIFIER
rucl marc code BD-RjUL
005 - DATE AND TIME OF LATEST TRANSACTION
control field 20211208235412.0
008 - FIXED-LENGTH DATA ELEMENTS--GENERAL INFORMATION
fixed length control field 140130r19571952nyua 001 0 eng d
035 ## - SYSTEM CONTROL NUMBER
System control number (BD-RjUL)13128
040 ## - CATALOGING SOURCE
Original cataloging agency DLC
Transcribing agency CarP
Modifying agency DLC
-- BD-RjUL
Language of cataloging eng
041 ## - LANGUAGE CODE
Language code of text/sound track or separate title eng
082 ## - DEWEY DECIMAL CLASSIFICATION NUMBER
Classification number 621.3
Author mark and year ERE 1957
100 1# - MAIN ENTRY--PERSONAL NAME
Personal name Erickson, William H.
9 (RLIN) 40745
245 00 - TITLE STATEMENT
Title Electrical engineering:
Remainder of title theory and practice /
Statement of responsibility, etc. William H. Erickson,
260 ## - PUBLICATION, DISTRIBUTION, ETC. (IMPRINT)
Place of publication, distribution, etc. New York ;
-- London ;
Name of publisher, distributor, etc. Wiley,
Date of publication, distribution, etc. c1952 [printed 1957]
300 ## - PHYSICAL DESCRIPTION
Pagination xi, 523 p. :
Illustrations ill. ;
Size 23 cm.
650 #0 - SUBJECT ADDED ENTRY--TOPICAL TERM
Topical term or geographic name as entry element Electrical engineering.
9 (RLIN) 40746
Topical term or geographic name as entry element Electronics.
9 (RLIN) 40747
942 ## - ADDED ENTRY ELEMENTS (KOHA)
Source of classification or shelving scheme Dewey Decimal Classification
Koha item type Books
Holdings
Lost status Source of classification or shelving scheme Damaged status Not for loan Collection code Permanent Location Current Location Shelving location Date acquired Source of acquisition Cost, normal purchase price Total Checkouts Full call number Date last seen Copy number Koha item type
  Dewey Decimal Classification   Not For Loan Non-fiction Central Library, University of Rajshahi Central Library, University of Rajshahi Reading Room 23/09/1958 Jonathon Wren & Co. 5.85   621.3 ERE 1957 30/01/2014 C-1 Books
  Dewey Decimal Classification     Non-fiction Central Library, University of Rajshahi Central Library, University of Rajshahi   30/09/1959 Asia Foundation     621.3 ERE 1957 01/04/2021 C-2 Books